000 00746nam a22002297a 4500
005 20170124110015.0
010 _aA-896856
020 _c475.00
_a9780195635324
035 _aA-896856
037 _bCen Lib/Ret
040 _aDPL
_bEN
082 _a338.954
_bTRA
245 _aTrade and industrialization /
_cedited by Deepak Nayyar
260 _bOxford University Press
_c1997
_aNew Delhi
270 _bNew Delhi
_aYMCA building, jai singh road
_e110001
300 _axv, 326p.
_c21cm(Hb)
500 _aIncludes bibliographical references and index
650 _aInternational economic relations
_96516
650 _aInternational trade
_94053
700 _aNayyar, Deepak
_91508
942 _2ddc
_cEN
_h338.954
_mTRA
999 _c126796
_d126796